Urdu command words recognition using Roman Urdu phonemes (Record no. 187616)
[ view plain ]
| 000 -LEADER | |
|---|---|
| fixed length control field | 00656 a2200181 4500 |
| 003 - CONTROL NUMBER IDENTIFIER | |
| control field | Nust |
| 005 - DATE AND TIME OF LATEST TRANSACTION | |
| control field | 20170207153519.0 |
| 040 ## - CATALOGING SOURCE | |
| Transcribing agency | Nust |
| 082 ## - DEWEY DECIMAL CLASSIFICATION NUMBER | |
| Classification number | 005.1 |
| 100 ## - MAIN ENTRY--PERSONAL NAME | |
| Personal name | Ashraf, Javed (MSCS-14) |
| 245 ## - TITLE STATEMENT | |
| Title | Urdu command words recognition using Roman Urdu phonemes |
| Statement of responsibility, etc. | Javed Ashraf |
| 260 ## - PUBLICATION, DISTRIBUTION, ETC. | |
| Name of publisher, distributor, etc. | MCS,NUST |
| Date of publication, distribution, etc. | 2010 |
| Place of publication, distribution, etc. | Rawalpindi |
| 300 ## - PHYSICAL DESCRIPTION | |
| Extent | xi, 77 ,p.; |
| 505 ## - FORMATTED CONTENTS NOTE | |
| Formatted contents note | Introduction (page-1) Fundamentals of speech recognition (page-11) The sphinx-4 speech recognition system (page-33) Design and implementation of the ASR system (page-50) Conclusion and future work (page-67) |
| 538 ## - SYSTEM DETAILS NOTE | |
| System details note | Almirah No 69 Shelf No 4 |
| 650 ## - SUBJECT ADDED ENTRY--TOPICAL TERM | |
| Topical term or geographic name entry element | PG Thesis |
| 651 ## - SUBJECT ADDED ENTRY--GEOGRAPHIC NAME | |
| Geographic name | MSCS-14 |
| 942 ## - ADDED ENTRY ELEMENTS (KOHA) | |
| Koha item type | |
| Withdrawn status | Lost status | Source of classification or shelving scheme | Damaged status | Not for loan | Collection code | Permanent Location | Current Location | Date acquired | Total Checkouts | Full call number | Barcode | Date last seen | Price effective from | Koha item type |
|---|---|---|---|---|---|---|---|---|---|---|---|---|---|---|
| Military College of Signals (MCS) | Military College of Signals (MCS) | 12/12/2016 | 005.1 ASH | MCSTCS-115 | 12/08/2016 | 12/12/2016 | Book | |||||||
| Military College of Signals (MCS) | Military College of Signals (MCS) | 12/12/2016 | 005.1 ASH | MCSTCS-146 | 12/08/2016 | 12/12/2016 | Book | |||||||
| Military College of Signals (MCS) | Military College of Signals (MCS) | 12/12/2016 | 005.1 ASH | MCSTCS-281 | 12/08/2016 | 12/12/2016 | Book |
